1970s McDonald's All-American Boys Rosters - Statistics

General Stats
  • This quiz has been taken 3 times
  • The average score is 21 of 49
Answer Stats
Year Player College (s) Current Team / Status % Correct
1979 Dominique Wilkins Georgia Atlanta Hawks - (Vice President of Basketball Operations)
100%
1979 Isiah Thomas Indiana NBA TV Analyst
100%
1979 James Worthy North Carolina Los Angeles Lakers TV Analyst
100%
1979 Ralph Sampson Virginia Retired
100%
1979 Antoine Carr Wichita State Retired
67%
1979 Clark Kellogg Ohio State CBS Sports Analyst
67%
1978 Corny Thompson UConn Retired
67%
1978 Rudy Woods Texas A&M Deceased
67%
1979 Sam Bowie Kentucky Retired
67%
1979 Sidney Lowe NC State Cleveland Cavaliers - (Assistant Coach)
67%
1979 Terry Fair Georgia Deceased
67%
1978 Bob Gonzales N/A Retired
33%
1979 Byron Scott Arizona State Retired
33%
1978 Chuck Verderber Kentucky Dentist
33%
1978 Clarence Tillman Kentucky / Rutgers Deceased
33%
1979 Darren Daye UCLA Retired
33%
1978 Daryl Mitchell Minnesota Retired
33%
1979 Derek Whittenburg NC State NC State Wolfpack - (Associate Athletic Director)
33%
1979 Derrick Hord Kentucky University of Kentucky - Director of Outreach & Community Engagement for the Sanders-Brown Center on Aging Alzheimer's Disease Center
33%
1978 Devin Durrant BYU Retired
33%
1979 Dirk Minniefield Kentucky Retired
33%
1978 Don Larson Utah Retired
33%
1978 Dwight Anderson Kentucky / USC Deceased
33%
1978 Greg Goorjian Arizona State / UNLV / Loyola Marymount Retired
33%
1979 Greg Kite BYU Commissioner of the Florida Basketball Association
33%
1978 Guy Morgan Wake Forest Retired
33%
1979 Horace Owens Rhode Island Delaware State Hornets - (Assistant Coach)
33%
1979 James Braddock North Carolina Retired
33%
1978 Jerry Eaves Louisville Simmons College of Kentucky Falcons - (Athletic Director)
33%
1979 John Paxson Notre Dame Chicago Bulls - (Senior Advisor)
33%
1978 Landon Turner Indiana Retired
33%
1978 Leonel Marquetti USC / Hampton Imprisoned
33%
1978 Mark Aguirre DePaul Retired
33%
1978 Micah Blunt Tulane Retired
33%
1979 Michael Pitts California Retired
33%
1979 Quintin Dailey San Francisco Deceased
33%
1979 Raymond McCoy San Francisco / DePaul Retired
33%
1978 Reggie Jackson Maryland Retired
33%
1978 Ricky Harmon Syracuse Retired
33%
1979 Ricky Ross Kansas / Tulsa Retired
33%
1978 Scooter McCray Louisville Retired
33%
1979 Sidney Green UNLV Retired
33%
1979 Steve Stipanovich Missouri Retired
33%
1979 Teddy Grubbs DePaul Deceased
33%
1979 Tim Andree Notre Dame CEO of Dentsu International
33%
1979 Tony Bruin Syracuse Retired
33%
1978 Tony Guy Kansas Retired
33%
1978 Tyren Naulls UCLA / Texas A&M Retired
33%
1978 Vince Taylor Duke UCF Knights - (Assistant Coach)
33%
No matching quizzes found
Score Distribution
Percent of People with Each Score
Percentile by Number Answered
Your Score History
You have not taken this quiz